ARRUPE JESUIT UNIVERSITY

CORONAVIRUS -STOP THE SPREAD - CLEAN,DISINFECT,COVER
Normal view MARC view

Entry Personal Name

Number of records used in: 1

001 - CONTROL NUMBER

  • control field: 11588

003 - CONTROL NUMBER IDENTIFIER

  • control field: ARRUPE

005 - DATE AND TIME OF LATEST TRANSACTION

  • control field: 20140924155333.0

008 - FIXED-LENGTH DATA ELEMENTS

  • fixed length control field: 140924|| aca||aabn | a|a d

040 ## - CATALOGING SOURCE

  • Original cataloging agency: ARRUPE
  • Transcribing agency: ARRUPE

100 ## - HEADING--PERSONAL NAME

  • Personal name: Rich, Adrienne,
  • Dates associated with a name: 1929-2012
  • General subdivision: Notebooks, sketchbooks, etc.

670 ## - SOURCE DATA FOUND

  • Source citation: Work cat.: (ARRUPE)0: Rich, Adrienne, 1929-2012. 11587, What is found there :, c1993.

 

Arrupe Library. PO Box MP320 Mt Pleasant, Harare, Zimbabwe
263 242 745411|librarian@aju.ac.zw